[Event "92nd St. Petersburg-ch Men 2019"]
[Site "Sankt Petersburg"]
[Date "2019.04.05"]
[Round "5.3"]
[White "Shubin, Kirill"]
[Black "Saveliev, Alexei"]
[Result "1-0"]
[WhiteElo "2391"]
[BlackElo "2372"]
[Annotator "TA"]
[PlyCount "71"]
[EventDate "2019.04.01"]
[EventType "tourn"]
[EventCountry "RUS"]
[SourceTitle "playchess.com"]
[Source "ChessBase"]
[SourceQuality "1"]

{[%evp 9,71,5,13,1,0,0,2,0,0,0,0,-4,-2,-22,0,-12,-12,-12,-12,-12,-12,-13,-14,-16,-12,-16,-7,-5,-20,-26,29,12,200,200,177,187,265,262,320,308,288,250,347,339,347,344,432,415,412,402,456,475,475,475,480,291,300,287,701,685,1041,1015,1002,688]} 1. e4 c5 2. Nf3 e6 3. g3 Nc6 4. Bg2 Nf6 5. Qe2 (5. d3 d5 6. Nbd2 Be7 7. O-O O-O 8. Re1 b5 9. a4 b4 10. e5 Nd7 11. Nf1 b3 12. c4 dxc4 13. dxc4 Rb8 14. Bd2 Qc7 15. Bc3 Rd8 16. N1d2 Bb7 17. Qe2 Ba8 {1-0 (57) Malakhov,V (2654)-Salgado Lopez,I (2624) Germany 2019}) 5... e5 6. Nc3 {B40: Sicilian: 2...e6, Unusual lines} d6 7. Nd5 g6 8. c3 {The position is equal.} Bg7 9. O-O O-O 10. Rd1 $146 ({Predecessor:} 10. Ne1 Be6 11. Nc2 Qd7 12. Nce3 Nh5 {½-½ (41) Avila Fraire,A (1994)-Jaksland,T (2264) Caleta 2019}) 10... Re8 11. d3 h6 12. Nd2 Nxd5 13. exd5 Ne7 14. a4 b6 15. Nc4 Bb7 16. Ne3 f5 17. a5 b5 18. a6 Bc8 19. Nc2 Qb6 ({Better is} 19... Bd7) 20. b4 $11 Bxa6 $2 (20... Rb8 $11 {and Black has nothing to worry.}) 21. bxc5 $18 dxc5 {[#]} 22. d6 $1 $36 {[%mdl 2560] White has strong initiative.} Qxd6 (22... Bb7 $142) 23. Ne3 f4 24. Qa2+ Kh7 25. Nf1 ({Don't do} 25. Qxa6 $6 Qxa6 26. Rxa6 fxe3 $16) 25... Rad8 {Threatens to win with ...Bc8.} 26. Qxa6 {[%mdl 64] Double Attack} Nd5 27. Bb2 b4 28. Qxd6 Rxd6 29. Bxd5 bxc3 30. Bxc3 Rxd5 31. Rxa7 g5 32. Rd2 Kg6 33. f3 Rb8 $2 (33... Bf6 34. Ra6 Kf7) 34. gxf4 {White is clearly winning.} Rb3 35. Ne3 Rd8 36. Bxe5 {Accuracy: White = 87%, Black = 41%.} 1-0

[Event "92nd St. Petersburg-ch Men 2019"]
[Site "Sankt Petersburg"]
[Date "2019.04.05"]
[Round "5.4"]
[White "Vlasenko, Miroslav"]
[Black "Schekachikhin, Maksim"]
[Result "1-0"]
[WhiteElo "2410"]
[BlackElo "2428"]
[Annotator "TA"]
[PlyCount "117"]
[EventDate "2019.04.01"]
[EventType "tourn"]
[EventCountry "RUS"]
[SourceTitle "playchess.com"]
[Source "ChessBase"]
[SourceQuality "1"]

{[%evp 19,117,26,16,1,0,-7,7,-1,-5,-37,-45,-110,-108,-106,-81,-141,-131,-140,-122,-211,-7,0,0,-84,-84,-75,-87,-80,-79,-84,-49,-50,-57,-62,-50,-76,-62,-75,-98,-100,-81,-78,0,-76,-40,-55,66,82,61,67,73,71,129,15,244,243,256,43,41,42,57,18,26,8,8,8,8,8,8,8,81,81,77,47,66,11,91,90,1666,558,558,558,1673,1547,2289,720,29961,29965,29961,29963,29973,29972,29980,29981,29981,29982,29987,29988,29988,29989]} 1. d4 d5 2. c4 c6 3. Nc3 Nf6 4. Nf3 e6 5. e3 Nbd7 6. Qc2 Bd6 7. g4 Bb4 8. Bd2 Qe7 9. g5 Bxc3 10. Bxc3 Ne4 11. Bd3 {D45: Semi-Slav: 5 e3} (11. Rg1 {keeps more tension.} b6 12. h4 Bb7 13. cxd5 exd5 14. Bh3) 11... Nxc3 12. Qxc3 dxc4 13. Bxc4 {The position is equal.} b6 (13... b5 14. Bd3 Bb7 15. d5 O-O 16. dxc6 Rac8 17. Bxb5 a6 18. Qa3 Qxa3 19. bxa3 Bxc6 20. Bxc6 Rxc6 {1-0 (61) Kempinski,R (2565)-Vallejo Pons,F (2662) Rethymno 2003}) 14. Bd3 Bb7 15. d5 $146 (15. O-O-O $15) ({Predecessor:} 15. Be4 O-O 16. Rg1 f5 17. gxf6 Nxf6 18. Bc2 c5 {0-1 (27) Zuferi,E (2311)-Nazarenus,M (2263) Bann 2018}) 15... cxd5 $17 16. Qxg7 {[%mdl 64] Double Attack} O-O-O $1 17. Rc1+ (17. Rg1 $142) 17... Kb8 $1 18. Ne5 Qb4+ 19. Kf1 (19. Kd1 $17 {is a better defense.} Nc5 20. Nxf7) 19... Nxe5 $2 (19... Nc5 $1 $19 {White must now prevent ...d4.} 20. Nxf7 Qd2 {[%mdl 64] Double Attack} 21. Nxd8 (21. Nxh8 $2 {too greedy.} d4 $19) 21... Qxd3+ 22. Kg1 Rxd8) 20. Qxe5+ $11 Ka8 21. a3 (21. Rg1 $11) 21... Qd2 $17 22. Qc3 Qxc3 23. bxc3 d4 24. e4 dxc3 25. Ke2 $1 Rc8 26. Rhg1 e5 27. Rg3 Rc7 28. Rh3 Bc8 29. Rh6 Kb7 30. h4 a6 (30... Be6 $17) 31. Ke3 (31. f4 $11) 31... b5 32. h5 Rc6 ({Black should play} 32... Rg8 $1 $15) 33. Rxc6 $14 Kxc6 34. Rxc3+ {[%mdl 4096] Endgame KRB-KRB} Kd6 35. f4 h6 (35... Rg8 $142) 36. gxh6 (36. fxe5+ $16 Kxe5 37. gxh6) 36... Bd7 $2 (36... f6 $1 $11 {and Black has nothing to worry.}) 37. fxe5+ $18 Kxe5 38. Rc5+ $2 ({White has to play} 38. Rc7 $1 $18 {[%cal Rc7d7]} Be6 39. h7 $1 {[%mdl 512]}) 38... Kd6 $1 $14 {[%cal Rd6c5]} 39. Rd5+ Ke7 40. Kf4 Rxh6 41. Kg5 Rh8 42. Be2 Be6 {And now ...f6+ would win.} 43. Rd1 Rg8+ 44. Kf4 Bb3 (44... Rg2 $11 45. Bf3 Rh2) 45. Rh1 $16 Bc4 46. Bg4 Be6 47. Bf5 (47. Bf3 $14) 47... a5 (47... Kf6 $1 $11) 48. h6 {Hoping for h7.} b4 $2 {[%mdl 8192]} (48... Rh8 $16) 49. h7 (49. axb4 $142 Bxf5 50. Kxf5 axb4 51. h7) 49... Rh8 $18 {[#]} 50. axb4 $1 {Threatens to win with Bxe6.} axb4 {[#]} 51. Kg5 $1 b3 52. Kh6 (52. Bxe6 $142 Kxe6 53. Kh6) 52... Bxf5 53. exf5 {KR-KR. White mates.} Kf6 54. Rb1 Rb8 {[#]} 55. Rxb3 $1 {[%mdl 576] Deflection, Promotion} Rxb3 56. h8=Q+ Kxf5 57. Qc8+ Ke5 58. Qc5+ Kf6 59. Qd6+ {Accuracy: White = 39%, Black = 38%.} 1-0

[Event "92nd St. Petersburg-ch Men 2019"]
[Site "Sankt Petersburg"]
[Date "2019.04.06"]
[Round "6.1"]
[White "Lobanov, Sergei"]
[Black "Smirnov, Artem"]
[Result "1-0"]
[WhiteElo "2528"]
[BlackElo "2413"]
[Annotator "ChessBase"]
[PlyCount "129"]
[EventDate "2019.04.01"]
[EventType "tourn"]
[EventCountry "RUS"]
[SourceTitle "playchess.com"]
[Source "ChessBase"]
[SourceQuality "1"]
[TimeControl "40/5400+30:1800+30"]

1. e4 {[%emt 0:00:00]} c5 {[%emt 0:00:03]} 2. Nf3 {[%emt 0:00:00]} Nc6 {[%emt 0:00:04]} 3. d4 {[%emt 0:00:00]} cxd4 {[%emt 0:00:03]} 4. Nxd4 {[%emt 0:00:00]} g6 {[%emt 0:00:06]} 5. c4 {[%emt 0:00:12]} Bg7 {[%emt 0:00:16]} 6. Be3 {[%emt 0:00:06]} Nf6 {[%emt 0:00:26]} 7. Nc3 {[%emt 0:00:04]} O-O {[%emt 0:00:30]} 8. Be2 {[%emt 0:00:05]} d6 {[%emt 0:00:08]} 9. O-O {[%emt 0:00:15]} Bd7 {[%emt 0:00:12]} 10. Qd2 {[%emt 0:02:46]} Nxd4 {[%emt 0:00:14]} 11. Bxd4 {[%emt 0:00:04]} Bc6 {[%emt 0:00:04]} 12. f3 {[%emt 0:02:10]} Nd7 {[%emt 0:00:14]} 13. b4 {[%emt 0:05:56]} Bxd4+ {[%emt 0:05:16]} 14. Qxd4 {[%emt 0:00:01]} Qb6 {[%emt 0:00:55]} 15. Qxb6 {[%emt 0:00:06]} Nxb6 {[%emt 0:00:04]} 16. Rfc1 {[%emt 0:24:42]} Rfc8 {[%emt 0:04:19]} 17. f4 {[%emt 0:03:49]} Kf8 {[%emt 0:09:06]} 18. e5 {[%emt 0:08:48]} dxe5 {[%emt 0:07:02]} 19. fxe5 {[%emt 0:00:02]} Bd7 {[%emt 0:06:48]} 20. c5 {[%emt 0:07:28]} Na4 {[%emt 0:00:07]} 21. Nxa4 {[%emt 0:07:30]} Bxa4 {[%emt 0:00:06]} 22. b5 {[%emt 0:01:09]} a6 {[%emt 0:19:57]} 23. Bf3 {[%emt 0:07:48]} Rab8 {[%emt 0:01:43]} 24. c6 {[%emt 0:02:44]} bxc6 {[%emt 0:00:27]} 25. bxc6 {[%emt 0:00:11]} Rb2 {[%emt 0:15:26]} 26. Rc5 {[%emt 0:07:22]} Rc7 {[%emt 0:12:00]} 27. a3 {[%emt 0:06:32]} e6 {[%emt 0:01:37]} 28. Rac1 {[%emt 0:01:16]} Ke7 {[%emt 0:01:26]} 29. Ra5 {[%emt 0:04:25]} Bb5 {[%emt 0:00:10]} 30. a4 {[%emt 0:00:06]} Be2 {[%emt 0:12:36]} 31. Bxe2 {[%emt 0:03:23]} Rxe2 {[%emt 0:00:02]} 32. Rcc5 {[%emt 0:00:01]} Rd2 {[%emt 0:03:15]} 33. Rxa6 {[%emt 0:00:44]} Rd5 {[%emt 0:00:04]} 34. Rb5 {[%emt 0:05:20]} Rd1+ {[%emt 0:01:26]} 35. Kf2 {[%emt 0:00:00]} Rc1 {[%emt 0:00:05]} 36. Ke3 {[%emt 0:00:38]} R1xc6 {[%emt 0:01:01]} 37. Rxc6 {[%emt 0:00:01]} Rxc6 {[%emt 0:00:05]} 38. Rb7+ {[%emt 0:00:01]} Kf8 {[%emt 0:00:45]} 39. Kd3 {[%emt 0:02:54]} Ra6 {[%emt 0:00:45]} 40. Rb4 {[%emt 0:00:00]} Ra5 {[%emt 0:00:00]} 41. Re4 {[%emt 0:00:04]} Ke7 {[%emt 0:15:06]} 42. Kc3 {[%emt 0:00:51]} Rc5+ {[%emt 0:04:44]} 43. Kb3 {[%emt 0:01:21]} h5 {[%emt 0:01:38]} 44. Re2 {[%emt 0:10:13]} Kd7 {[%emt 0:02:31]} 45. Rd2+ {[%emt 0:02:02]} Ke7 {[%emt 0:05:59]} 46. Ra2 {[%emt 0:05:17]} Rxe5 {[%emt 0:03:00]} 47. a5 {[%emt 0:00:03]} Rb5+ {[%emt 0:00:59]} 48. Kc4 {[%emt 0:00:05]} Rb8 {[%emt 0:00:18]} 49. a6 {[%emt 0:00:03]} f5 {[%emt 0:00:47]} 50. a7 {[%emt 0:00:20]} Ra8 {[%emt 0:00:04]} 51. Kc5 {[%emt 0:00:03]} f4 {[%emt 0:00:57]} 52. Kc6 {[%emt 0:00:25]} g5 {[%emt 0:00:28]} 53. Kb7 {[%emt 0:00:48]} Rxa7+ {[%emt 0:00:27]} 54. Rxa7 {[%emt 0:00:14]} e5 {[%emt 0:00:33]} 55. Kc6+ {[%emt 0:02:03]} Ke6 {[%emt 0:00:02]} 56. Ra8 {[%emt 0:01:38]} e4 {[%emt 0:00:30]} 57. Re8+ {[%emt 0:00:34]} Kf5 {[%emt 0:00:04]} 58. Kd5 {[%emt 0:00:05]} e3 {[%emt 0:00:47]} 59. Kd4 {[%emt 0:00:34]} Kg4 {[%emt 0:00:40]} 60. Kd3 {[%emt 0:00:43]} h4 {[%emt 0:00:10]} 61. Rh8 {[%emt 0:01:14]} f3 {[%emt 0:01:01]} 62. Kxe3 {[%emt 0:00:16]} fxg2 {[%emt 0:00:06]} 63. Kf2 {[%emt 0:00:02]} Kh3 {[%emt 0:00:49]} 64. Kg1 {[%emt 0:00:05]} g4 {[%emt 0:00:07]} 65. Rg8 {[%emt 0:00:03]} 1-0

[Event "92nd St. Petersburg-ch Men 2019"]
[Site "Sankt Petersburg"]
[Date "2019.04.06"]
[Round "6.2"]
[White "Askerov, Marat"]
[Black "Golikov, Daniil"]
[Result "1/2-1/2"]
[WhiteElo "2318"]
[BlackElo "2298"]
[Annotator "NA"]
[PlyCount "75"]
[EventDate "2019.04.01"]
[EventType "tourn"]
[EventCountry "RUS"]
[SourceTitle "playchess.com"]
[Source "ChessBase"]
[SourceQuality "1"]
[TimeControl "40/5400+30:1800+30"]

1. c4 {[%emt 0:00:00]} e5 {[%emt 0:00:00]} 2. g3 {[%emt 0:00:00]} Nf6 {[%emt 0:00:00]} 3. Bg2 {[%emt 0:00:20]} c6 {[%emt 0:00:00]} 4. d4 {[%emt 0:00:23]} e4 {[%emt 0:00:00]} 5. Nc3 {[%emt 0:00:49]} d5 {[%emt 0:00:14]} 6. Bg5 {[%emt 0:00:49] LiveBook: 62 Games A20: English Opening: 1...e5} Bb4 {[%emt 0:00:05]} 7. cxd5 {[%emt 0:04:47]} (7. Qb3 Bxc3+ 8. Qxc3 O-O 9. f3 dxc4 10. Bxf6 Qxf6 11. fxe4 c5 12. e5 cxd4 13. exf6 dxc3 14. fxg7 {½-½ (40) McShane,L (2647)-Anand,V (2783) Germany 2018}) 7... cxd5 {[%emt 0:00:42]} 8. Rc1 {[%emt 0:00:21]} Nc6 {[%emt 0:05:45]} 9. Nh3 {[%emt 0:02:16]} h6 {[%emt 0:19:33]} 10. Bxf6 {[%emt 0:10:12]} Qxf6 {[%emt 0:00:06]} 11. Nf4 {[%emt 0:01:04]} Qd6 {[%emt 0:05:57]} 12. e3 $146 {[%emt 0:14:51]} ({Predecessor:} 12. Qb3 Be6 {1-0 (29) Teyssier,A (2235)-Ducoulombier,B (2097) ICCF email 2016}) 12... O-O {[%emt 0:02:37]} 13. O-O {[%emt 0:05:02]} Bxc3 $11 {[%emt 0:06:38]} 14. Rxc3 {[%emt 0:00:07]} g5 {[%emt 0:01:55]} 15. Ne2 {[%emt 0:02:22]} Bg4 {[%emt 0:00:44]} 16. f3 {[%emt 0:01:19]} exf3 {[%emt 0:02:06]} 17. Bxf3 {[%emt 0:00:05]} Bxf3 {[%emt 0:00:22]} 18. Rxf3 {[%emt 0:00:02]} Ne7 {[%emt 0:01:00]} 19. Nc1 {[%emt 0:09:07]} f6 {[%emt 0:00:56]} 20. Rc2 {[%emt 0:05:07]} Rac8 {[%emt 0:03:16]} 21. Rcf2 {[%emt 0:00:42]} Qe6 {[%emt 0:00:19]} 22. Nd3 {[%emt 0:00:52]} b6 {[%emt 0:01:19]} 23. Qf1 {[%emt 0:03:04]} Kg7 {[%emt 0:00:20]} 24. Ne5 {[%emt 0:01:48]} Nc6 {[%emt 0:02:03]} 25. Rf5 {[%emt 0:08:00]} Ne7 {[%emt 0:01:21]} 26. R5f3 {[%emt 0:00:16]} Nc6 {[%emt 0:00:01]} 27. Nd3 {[%emt 0:05:49]} Ne7 {[%emt 0:00:28]} 28. h3 {[%emt 0:00:43]} Ng6 {[%emt 0:01:55]} 29. Kh2 {[%emt 0:01:47]} Rc6 {[%emt 0:04:11]} 30. Nb4 {[%emt 0:03:08]} Rc4 {[%emt 0:00:19]} 31. a3 {[%emt 0:00:47]} Ne7 {[%emt 0:07:37]} 32. Nd3 {[%emt 0:01:04]} Ng6 {[%emt 0:03:49]} 33. Nb4 {[%emt 0:04:17]} Ne7 {[%emt 0:00:08]} 34. Qg2 {[%emt 0:05:21]} Nc8 {[%emt 0:09:57]} 35. Rf5 {[%emt 0:02:20]} Ne7 {[%emt 0:00:01]} 36. R5f3 {[%emt 0:00:17]} Nc8 {[%emt 0:00:06]} 37. Rf5 {[%emt 0:03:51]} Ne7 {[%emt 0:00:10]} 38. R5f3 {[%emt 0:00:05]} 1/2-1/2

[Event "92nd St. Petersburg-ch Men 2019"]
[Site "Sankt Petersburg"]
[Date "2019.04.06"]
[Round "6.3"]
[White "Schekachikhin, Maksim"]
[Black "Duzhakov, Ilya"]
[Result "1/2-1/2"]
[WhiteElo "2428"]
[BlackElo "2397"]
[Annotator "NA"]
[PlyCount "110"]
[EventDate "2019.04.01"]
[EventType "tourn"]
[EventCountry "RUS"]
[SourceTitle "playchess.com"]
[Source "ChessBase"]
[SourceQuality "1"]
[TimeControl "40/5400+30:1800+30"]

1. c4 {[%emt 0:00:00]} Nf6 {[%emt 0:02:51]} 2. Nc3 {[%emt 0:00:04]} e5 {[%emt 0:08:01]} 3. e3 {[%emt 0:00:45]} Bb4 {[%emt 0:06:05]} 4. Nge2 {[%emt 0:04:59]} c6 {[%emt 0:05:09]} 5. a3 {[%emt 0:02:34]} Ba5 {[%emt 0:00:20]} 6. b4 {[%emt 0:03:59]} Bc7 {[%emt 0:00:28]} 7. Bb2 {[%emt 0:00:36]} d6 {[%emt 0:02:31]} 8. d4 {[%emt 0:06:26]} O-O {[%emt 0:06:50]} 9. Ng3 {[%emt 0:05:18]} a5 {[%emt 0:08:02]} 10. d5 {[%emt 0:10:00]} axb4 {[%emt 0:01:09]} 11. axb4 {[%emt 0:00:06]} Rxa1 {[%emt 0:00:04]} 12. Bxa1 {[%emt 0:00:54]} Na6 {[%emt 0:06:09]} 13. Qb1 {[%emt 0:08:47]} h5 $11 {[%emt 0:08:46]} 14. Bd3 {[%emt 0:13:19]} h4 {[%emt 0:06:33]} 15. Nge4 {[%emt 0:00:38]} Nxe4 {[%emt 0:07:44]} 16. Bxe4 {[%emt 0:00:12]} f5 {[%emt 0:02:51]} 17. Bf3 {[%emt 0:01:19]} c5 {[%emt 0:03:22]} 18. b5 {[%emt 0:01:26]} Nb8 {[%emt 0:00:27]} 19. O-O {[%emt 0:05:00]} Nd7 {[%emt 0:01:35]} 20. Be2 {[%emt 0:02:16]} Qe8 {[%emt 0:05:17]} 21. Kh1 {[%emt 0:04:29]} Ba5 {[%emt 0:03:56]} 22. Qc2 {[%emt 0:02:09]} Nf6 {[%emt 0:04:39]} 23. Bb2 {[%emt 0:04:07]} Nh7 {[%emt 0:01:34]} 24. f4 {[%emt 0:02:52]} Bd8 {[%emt 0:03:32]} 25. Bd3 {[%emt 0:04:14]} e4 {[%emt 0:00:54]} 26. Be2 {[%emt 0:00:04]} g5 {[%emt 0:00:55]} 27. Nd1 {[%emt 0:01:28]} Qg6 {[%emt 0:00:40]} 28. Nf2 {[%emt 0:00:42]} Qh6 {[%emt 0:00:42]} 29. Nh3 {[%emt 0:01:14]} g4 {[%emt 0:01:34]} 30. Nf2 {[%emt 0:04:24]} Nf6 {[%emt 0:00:40]} 31. Ra1 {[%emt 0:03:51]} g3 {[%emt 0:01:24]} 32. Nh3 {[%emt 0:00:45]} Ng4 {[%emt 0:00:05]} 33. Ra8 {[%emt 0:03:46]} Bf6 {[%emt 0:01:01]} 34. Bxf6 {[%emt 0:01:28]} Qxf6 {[%emt 0:00:27]} 35. Bxg4 {[%emt 0:00:07]} fxg4 {[%emt 0:00:03]} 36. Ng5 {[%emt 0:01:05]} Qxg5 {[%emt 0:00:18]} 37. Rxc8 {[%emt 0:00:03]} Qf6 {[%emt 0:00:16]} 38. Rxf8+ {[%emt 0:00:13]} Kxf8 {[%emt 0:00:12]} 39. Qc1 {[%emt 0:00:29]} Kf7 {[%emt 0:01:25]} 40. Qe1 {[%emt 0:00:00]} gxh2 {[%emt 0:00:00]} 41. Kxh2 {[%emt 0:02:46]} Kg6 {[%emt 0:07:40]} 42. Qb1 {[%emt 0:09:46]} Kf5 {[%emt 0:04:35]} 43. b6 {[%emt 0:03:38]} Qh8 {[%emt 0:05:15]} 44. Qd1 {[%emt 0:04:42]} h3 {[%emt 0:09:18]} 45. Kg3 {[%emt 0:06:48]} Qh5 {[%emt 0:01:41]} 46. Qa4 {[%emt 0:04:18]} hxg2 {[%emt 0:02:33]} 47. Qd7+ {[%emt 0:00:52]} Kf6 {[%emt 0:00:02]} 48. Qxd6+ {[%emt 0:00:31]} Kg7 {[%emt 0:00:33]} 49. Qd7+ {[%emt 0:00:47]} Kh6 {[%emt 0:01:03]} 50. Qe6+ {[%emt 0:00:50]} Kg7 {[%emt 0:00:04]} 51. Qe7+ {[%emt 0:00:38]} Kg8 {[%emt 0:00:36]} 52. Qe6+ {[%emt 0:01:15]} Kg7 {[%emt 0:00:15]} 53. Qd7+ {[%emt 0:00:20]} Kh6 {[%emt 0:00:19]} 54. Qd6+ {[%emt 0:00:31]} Kg7 {[%emt 0:00:23]} 55. Qc7+ {[%emt 0:00:47]} Kh6 {[%emt 0:00:19]} 1/2-1/2

[Event "92nd St. Petersburg-ch Men 2019"]
[Site "Sankt Petersburg"]
[Date "2019.04.06"]
[Round "6.4"]
[White "Saveliev, Alexei"]
[Black "Vlasenko, Miroslav"]
[Result "0-1"]
[WhiteElo "2372"]
[BlackElo "2410"]
[Annotator "TA"]
[PlyCount "108"]
[EventDate "2019.04.01"]
[EventType "tourn"]
[EventCountry "RUS"]
[SourceTitle "playchess.com"]
[Source "ChessBase"]
[SourceQuality "1"]

{[%evp 12,108,40,31,34,-8,-8,-8,-7,-5,-7,0,0,-19,-18,-16,0,0,0,-28,-25,-34,-22,-25,-25,-43,-23,-53,-37,-66,-63,-63,-25,-41,-38,-64,-38,-91,-95,-142,-61,-105,-114,-104,-105,-133,-124,-114,-114,-115,-113,-124,-102,-101,-41,-41,-41,-41,-41,-41,-41,-41,-41,-41,-41,-41,-39,-42,-42,-44,-37,-37,-37,-37,-20,-20,-20,-25,-24,-159,-133,-668,-661,-1782,-1785,-1574,-777,-1176,-979,-29968,-29971,-29967,-29964,-29982,-979,-29965,-29967,-29997,-29998]} 1. e4 Nc6 2. Nc3 Nf6 3. Nf3 d6 4. h3 g6 5. d4 Bg7 6. Bg5 {B00: Queen's Fianchetto Defence, Nimzowitsch Defence} (6. d5 Nb8 7. Bc4 O-O 8. O-O c6 9. a4 a5 10. Qe2 Na6 11. Bf4 Nb4 12. Rad1 cxd5 13. exd5 Bd7 14. Rfe1 Rc8 15. Bb3 Re8 16. Qe3 Qc7 17. Bh6 {1-0 (71) Meier,G (2623)-Lagarde,M (2604) chess.com INT 2019}) 6... O-O 7. Qd2 {LiveBook: 8 Games} d5 8. Bxf6 {White is slightly better.} exf6 9. exd5 ({Of course not} 9. Nxd5 f5 $17) 9... Re8+ 10. Be2 Nb4 11. O-O Nxd5 12. Nxd5 Qxd5 13. Rfe1 $146 Qd6 14. Bc4 Bd7 15. Qc3 b5 16. Bf1 a6 17. a3 Bc6 18. Rad1 Rad8 19. Qd3 f5 20. c3 Be4 $36 {[%mdl 2048] Black is more active.} 21. Qe2 Qc6 22. Ra1 Qb6 23. Rad1 h6 24. g3 (24. b4 $15) 24... Qc6 25. Bg2 g5 ({Black should play} 25... Qa8 $17 26. h4 g5 $1 {[%mdl 512]} 27. hxg5 hxg5 28. Nxg5 Bxg2) 26. Ra1 Qa8 27. Qd1 {[#]} c5 $1 {[%mdl 512]} 28. Re3 (28. dxc5 Rxd1) 28... cxd4 29. cxd4 Re6 30. Qb3 Rde8 {Hoping for ...Bd5.} 31. Rae1 Qd8 32. Qc3 Bxf3 (32... Qd5 $17 33. R1e2 Rd8) 33. Bxf3 $15 Bxd4 34. Rxe6 Rxe6 35. Rd1 Rd6 36. Qc2 Qf6 37. b4 Kg7 38. Kg2 Qg6 39. Qc7 Qe6 40. Qc2 g4 41. hxg4 fxg4 42. Bb7 Qf6 43. Rd2 h5 44. Qe4 Ba7 45. Bd5 {[#]} (45. Qc2 $11) 45... Qg5 $1 $17 {[%cal Rg5d2]} 46. Rd1 $2 {[%mdl 8192]} (46. Qd3 $17) 46... Rf6 $19 47. Rf1 Qd2 {[%cal Rf6f2]} 48. Kh1 Bxf2 49. Qg2 Qe3 50. Bb7 Bxg3 51. Rxf6 Kxf6 52. Bxa6 Qxa3 (52... Bf4 $142 53. Qf1 Kg7 54. Bxb5 Qg3 55. Qg2 Qe1+ 56. Qg1 Qh4+ 57. Kg2 Qh3+ 58. Kf2 Be3+ 59. Ke1 Bxg1 60. Bd7 Qc3+ 61. Ke2 Be3 62. Bxg4 hxg4 63. Kf1 Qd2 64. b5 Qf2#) 53. Qc6+ Kg7 54. Qxb5 Qf3+ {Precision: White = 35%, Black = 58%.} 0-1

[Event "92nd St. Petersburg-ch Men 2019"]
[Site "Sankt Petersburg"]
[Date "2019.04.07"]
[Round "7.1"]
[White "Lesovoi, Evgenij"]
[Black "Lobanov, Sergei"]
[Result "0-1"]
[WhiteElo "2305"]
[BlackElo "2528"]
[Annotator "ChessBase"]
[PlyCount "110"]
[EventDate "2019.04.01"]
[EventType "tourn"]
[EventCountry "RUS"]
[SourceTitle "playchess.com"]
[Source "ChessBase"]
[SourceQuality "1"]
[TimeControl "40/5400+30:1800+30"]

1. d4 {[%emt 0:01:49]} Nf6 {[%emt 0:06:42]} 2. Nf3 {[%emt 0:01:26]} e6 {[%emt 0:00:25]} 3. c4 {[%emt 0:01:29]} b6 {[%emt 0:00:28]} 4. g3 {[%emt 0:04:01]} Ba6 {[%emt 0:00:05]} 5. b3 {[%emt 0:00:43]} Bb4+ {[%emt 0:00:06]} 6. Bd2 {[%emt 0:00:17]} Be7 {[%emt 0:00:07]} 7. Bg2 {[%emt 0:00:15]} c6 {[%emt 0:00:06]} 8. Bc3 {[%emt 0:02:39]} d5 {[%emt 0:00:08]} 9. Nbd2 {[%emt 0:00:53]} O-O {[%emt 0:00:21]} 10. O-O {[%emt 0:01:25]} Nbd7 {[%emt 0:00:03]} 11. Qc2 {[%emt 0:05:22]} Rc8 {[%emt 0:01:13]} 12. Rfd1 {[%emt 0:21:07]} c5 {[%emt 0:01:37]} 13. dxc5 {[%emt 0:00:56]} Bxc5 {[%emt 0:05:22]} 14. Qb2 {[%emt 0:03:18]} Qe7 {[%emt 0:03:11]} 15. b4 {[%emt 0:06:54]} Bd6 {[%emt 0:02:28]} 16. cxd5 {[%emt 0:00:08]} Rxc3 {[%emt 0:04:40]} 17. Qxc3 {[%emt 0:04:20]} Nxd5 {[%emt 0:00:11]} 18. Qb3 {[%emt 0:13:47]} Bxb4 {[%emt 0:07:31]} 19. Bf1 {[%emt 0:03:18]} Nc5 {[%emt 0:10:13]} 20. Qc2 {[%emt 0:00:10]} Nc3 {[%emt 0:05:36]} 21. Re1 {[%emt 0:01:21]} Rd8 {[%emt 0:16:19]} 22. a3 {[%emt 0:01:43]} Ba5 {[%emt 0:00:00]} 23. Nb3 {[%emt 0:00:26]} Nxb3 {[%emt 0:00:36]} 24. Qxb3 {[%emt 0:00:01]} Qf6 {[%emt 0:00:44]} 25. Rac1 {[%emt 0:01:10]} h6 {[%emt 0:07:38]} 26. Rc2 {[%emt 0:01:14]} Nd1 {[%emt 0:04:48]} 27. Rxd1 {[%emt 0:10:25]} Rxd1 {[%emt 0:00:05]} 28. Rc8+ {[%emt 0:00:31]} Bxc8 {[%emt 0:01:04]} 29. Qxd1 {[%emt 0:00:05]} Qe7 {[%emt 0:02:45]} 30. Qd3 {[%emt 0:01:39]} Qd7 {[%emt 0:00:35]} 31. Qc2 {[%emt 0:01:36]} Bb7 {[%emt 0:01:07]} 32. Bg2 {[%emt 0:00:42]} Qd6 {[%emt 0:01:08]} 33. Qb3 {[%emt 0:01:58]} Bd5 {[%emt 0:04:35]} 34. Qd3 {[%emt 0:01:00]} Qc6 {[%emt 0:01:57]} 35. Qa6 {[%emt 0:01:48]} Qc4 {[%emt 0:04:53]} 36. Qxc4 {[%emt 0:06:13]} Bxc4 {[%emt 0:00:01]} 37. Ne5 {[%emt 0:00:07]} Bxe2 {[%emt 0:00:12]} 38. Nc6 {[%emt 0:00:05]} a6 {[%emt 0:09:17]} 39. Nxa5 {[%emt 0:00:08]} bxa5 {[%emt 0:00:00]} 40. f4 {[%emt 0:00:00]} Kf8 {[%emt 0:00:00]} 41. Kf2 {[%emt 0:00:38]} Bb5 {[%emt 0:00:03]} 42. Ke3 {[%emt 0:01:25]} Ke7 {[%emt 0:00:00]} 43. Kd4 {[%emt 0:01:43]} Kd6 {[%emt 0:00:09]} 44. Bb7 {[%emt 0:00:30]} f6 {[%emt 0:01:37]} 45. h4 {[%emt 0:00:46]} Bf1 {[%emt 0:00:10]} 46. Bc8 {[%emt 0:01:32]} e5+ {[%emt 0:10:14]} 47. fxe5+ {[%emt 0:01:03]} fxe5+ {[%emt 0:00:01]} 48. Ke4 {[%emt 0:01:24]} Bb5 {[%emt 0:00:53]} 49. g4 {[%emt 0:04:42]} Bc6+ {[%emt 0:05:20]} 50. Kf5 {[%emt 0:00:05]} e4 {[%emt 0:04:06]} 51. Bxa6 {[%emt 0:09:49]} Kc5 {[%emt 0:00:48]} 52. Ke5 {[%emt 0:04:05]} e3 {[%emt 0:00:21]} 53. Kf4 {[%emt 0:00:56]} Kd4 {[%emt 0:03:58]} 54. g5 {[%emt 0:01:16]} hxg5+ {[%emt 0:00:14]} 55. hxg5 {[%emt 0:00:05]} Be4 {[%emt 0:00:03] Ke5+ Kxe5} 0-1